Loading...
| Science - Biology | 0 | 6 | 0 | 0 | 60 | 50 | 79.67 | 3 | 6 | 0.00 | 0.00 |
| Science - Other | 0 | 6 | 2 | 2 | 50 | 34 | 76.17 | 2 | 6 | 0.00 | 0.00 |
| Science - Chemistry | 0 | 5 | 0 | 0 | 50 | 54 | 69.80 | 3 | 5 | 0.00 | 0.00 |
| Science - Physics | 0 | 6 | 2 | 0 | 50 | 34 | 70.33 | 2 | 6 | 0.00 | 0.00 |
| Religion | 0 | 3 | 1 | 1 | 25 | 92 | 107.00 | 1 | 3 | 0.00 | 0.00 |
| Social Science | 0 | 2 | 0 | 0 | 20 | 60 | 67.50 | 1 | 2 | 0.00 | 0.00 |
| History - American | 0 | 2 | 1 | 0 | 15 | 50 | 75.00 | 1 | 2 | 0.00 | 0.00 |
| Mythology | 0 | 1 | 0 | 0 | 10 | 147 | 147.00 | 0 | 1 | 0.00 | 0.00 |
| Literature - American | 0 | 1 | 0 | 0 | 10 | 92 | 92.00 | 0 | 1 | 0.00 | 0.00 |
| Literature - British | 0 | 1 | 0 | 0 | 10 | 39 | 39.00 | 1 | 1 | 0.00 | 0.00 |
| Literature - World | 0 | 1 | 0 | 0 | 10 | 110 | 110.00 | 1 | 1 | 0.00 | 0.00 |
| Current Events | 0 | 1 | 0 | 0 | 10 | 64 | 64.00 | 0 | 1 | 0.00 | 0.00 |
| Other Academic | 0 | 1 | 1 | 0 | 5 | 71 | 71.00 | 1 | 1 | 0.00 | 0.00 |
| History - World | 0 | 1 | 1 | 0 | 5 | 51 | 51.00 | 1 | 1 | 0.00 | 0.00 |
| History - European | 0 | 1 | 1 | 1 | 5 | 136 | 136.00 | 1 | 1 | 0.00 | 0.00 |
| Philosophy | 0 | 0 | 1 | 0 | -5 | 0.00 | 0 | 0 | 0.00 | 0.00 | |
| Fine Arts - Other | 0 | 0 | 1 | 0 | -5 | 0.00 | 0 | 0 | 0.00 | 0.00 |